| 000 | 01000cam a2200277 i 4500 | ||
|---|---|---|---|
| 999 |
_c127332 _d127332 |
||
| 001 | 1745059 | ||
| 003 | ARRUPE | ||
| 005 | 20180110153154.0 | ||
| 008 | 750923s1975 nyu b 001 0 eng | ||
| 010 | _a 75031979 | ||
| 020 |
_a0913836273 : _c$5.95 |
||
| 040 |
_aDLC _cDLC _dDLC |
||
| 041 | 1 | _aengfre | |
| 050 | 0 | 0 |
_aBT198 _b.M4313 1975 |
| 082 | 0 | 0 | _a232 |
| 100 | 1 |
_aMeyendorff, John, _d1926-1992. _916519 |
|
| 245 | 1 | 0 |
_aChrist in Eastern Christian thought / _cJohn Meyendorff. |
| 260 |
_a[Crestwood, N.Y.] : _bSt. Vladimir's Seminary Press, _c1975. |
||
| 300 |
_a248 p. ; _c22 cm. |
||
| 500 | _aTranslation of Le Christ dans la théologie byzantine. | ||
| 504 | _aIncludes bibliographical references and index. | ||
| 600 | 0 | 0 |
_aJesus Christ _xHistory of doctrines. _97447 |
| 610 | 2 | 0 |
_aTheology, Eastern Church _938349 |
| 906 |
_a7 _bcbc _corignew _d1 _eocip _f19 _gy-gencatlg |
||
| 942 |
_2lcc _cMONOGRAPH |
||